Travel across the World (Find the Path) - Statistics

General Stats
  • This quiz has been taken 1,384 times
  • The average score is 16 of 37
Answers on the Map
Answers color-coded by a green-red scale on the quiz's map according to % correct below.
 
Answer Stats
Countries % Correct
Russia
84%
China
80%
Ukraine
68%
France
66%
France
66%
Spain
63%
Italy
61%
Mongolia
59%
Hungary
54%
Iran
52%
Egypt
51%
Iraq
50%
Afghanistan
49%
Sudan
48%
Austria
46%
Jordan
46%
Democratic Republic of the Congo
45%
South Sudan
44%
Morocco
43%
Israel
36%
Tajikistan
36%
Brazil
35%
Mauritania
33%
Slovenia
33%
Mozambique
32%
Senegal
32%
Tanzania
32%
Argentina
30%
Guinea
28%
Ivory Coast
27%
Kyrgyzstan
26%
Burkina Faso
25%
Malawi
24%
Bolivia
22%
Uruguay
22%
Burundi
19%
Andorra
17%
No matching quizzes found
Score Distribution
Percent of People with Each Score
Percentile by Number Answered
Your Score History
You have not taken this quiz